| 000 | 00875cim a22002177a 4500 | ||
|---|---|---|---|
| 005 | 20140923123345.0 | ||
| 007 | sd uuuuuudmuud | ||
| 008 | 140717t2008 xx nnnnfs s| c eng d | ||
| 024 | _a9781413009101 | ||
| 082 | 0 | 4 |
_222 _a428.202465 _bMAS |
| 100 | 1 |
_935936 _aMascull, Bill |
|
| 245 | 1 | 0 |
_aBest practice pre-intermediate : _h[sound recording] : _bbusiness English in global context : audio CDs / _cBill Mascull. |
| 260 |
_a[S. l.] : _bHeinle Cengage Learning, _cc.2008. |
||
| 300 |
_a2 sound discs ; _c4 3/4 in. |
||
| 500 | _aUnits 1-13, units 14-24. | ||
| 650 | 0 |
_aEnglish language _xBusiness English _vAudio-visual aids _936059 |
|
| 650 | 0 |
_936053 _aEnglish language _vTextbooks for foreign speakers _vAudio-visual aids |
|
| 650 | 0 |
_aBusiness writing _vProblems, exercises, etc. _vAudio-visual aids _936060 |
|
| 653 |
_bEEENG _cJuly2014 |
||
| 942 |
_2ddc _cCDR _k428.202465 MAS |
||
| 999 |
_c18367 _d18339 |
||